Cours de géométrie analytique (Record no. 113187)

MARC details
000 -LEADER
campo de control de longitud fija 00806nam a2200205 i 4500
001 - NÚMERO DE CONTROL
campo de control 113187
003 - IDENTIFICADOR DE NÚMERO DE CONTROL
campo de control ES-MaACL
005 - FECHA Y HORA DE LA ÚLTIMA TRANSACCIÓN
campo de control 20230906185805.0
007 - CAMPO FIJO DE DESCRIPCIÓN FÍSICA--INFORMACIÓN GENERAL
campo de control de longitud fija t|
008 - DATOS DE LONGITUD FIJA--INFORMACIÓN GENERAL
campo de control de longitud fija 061121s1911 fr a |||| | fre d
100 1# - ENTRADA PRINCIPAL--NOMBRE DE PERSONA
Nombre de persona Niewenglowski, B.
9 (RLIN) 217367
245 10 - MENCIÓN DEL TÍTULO
Título Cours de géométrie analytique
Resto del título : áa l'usage des élèves de la classe de mathématiques spéciales des candidats aux Écoles du gouvernement et des candidats áa l'agrégation des sciences mathématiques /
Mención de responsabilidad, etc. B. Niewenglowski ; avec une note sur les transformations en géométrie par Emile Borel.
250 ## - MENCION DE EDICION
Mención de edición 2ª ed.
260 ## - PUBLICACIÓN, DISTRIBUCIÓN, ETC.
Lugar de publicación, distribución, etc. Paris :
Nombre del editor, distribuidor, etc. Gauthier,
Fecha de publicación, distribución, etc. 1911.
300 ## - DESCRIPCIÓN FÍSICA
Extensión 3 v. :
Otras características físicas il. ;
Dimensiones 24 cm.
650 #4 - PUNTO DE ACCESO ADICIONAL DE MATERIA--TÉRMINO DE MATERIA
Término de materia o nombre geográfico como elemento de entrada Geometría analítica.
9 (RLIN) 13100
700 1# - ENTRADA AGREGADA--NOMBRE PERSONAL
Nombre de persona Borel, Emile.
9 (RLIN) 30428
852 ## - LOCALIZACIÓN
Ubicación ES-MaACL
Número de control de estantería F-1465-67
Holdings
Estatus retirado Estado de pérdida Estado de daño No para préstamo Biblioteca de origen Biblioteca actual Ubicación en estantería Fecha de adquisición Fuente de adquisición Total de préstamos Signatura topográfica completa Código de barras Visto por última vez Precio de reemplazo Tipo de ítem Koha
        Biblioteca del Ateneo de Madrid Biblioteca del Ateneo de Madrid Depósito 2 17/01/2008     F-1465-67 1118059 23/02/2023 23/02/2023 Libro impreso